America's Departure from Multilateralism Highway or Dirt Road to Freer Trade?
Enregistré dans:
| Auteur principal: | |
|---|---|
| Format: | Livre |
| Langue: | anglais |
| Publié: |
Kiel
Institut für Weltwirtschaft
1993
|
| Édition: | 1. ed. |
| Collection: | Kiel Discussion Papers
212 |
| Sujets: | |
| Tags: |
Pas de tags, Soyez le premier à ajouter un tag!
|
MARC
| LEADER | 00000nam a2200000 4500 | ||
|---|---|---|---|
| 001 | c010692 | ||
| 005 | 20221206074219.0 | ||
| 020 | |a 3-89456-053-3 | ||
| 041 | 0 | |a eng | |
| 044 | |a DE | ||
| 245 | 1 | 0 | |a America's Departure from Multilateralism |b Highway or Dirt Road to Freer Trade? |c Jürgen Stehn |
| 250 | |a 1. ed. | ||
| 264 | 1 | |a Kiel |b Institut für Weltwirtschaft |c 1993 | |
| 300 | |a 20 s. | ||
| 490 | 1 | |a Kiel Discussion Papers |v 212 | |
| 830 | 0 | |a Kiel Discussion Papers |v 212 | |
| 610 | 2 | 0 | |a obchod voľný |
| 610 | 2 | 0 | |a bloky menové |
| 610 | 2 | 0 | |a obchod medzinárodný |
| 610 | 2 | 0 | |a multilateralita |
| 610 | 2 | 0 | |a bariéry obchodu zahraničného |
| 610 | 2 | 0 | |a modely obchodu zahraničného |
| 610 | 2 | 0 | |a Amerika |
| 610 | 2 | 0 | |a USA |
| 610 | 2 | 0 | |a Všeobecná dohoda o clách a obchode |
| 610 | 2 | 0 | |a NAFTA |
| 100 | 1 | |a Stehn, Jürgen | |